skbl

Dr Suryya Kumar Bhuyan Library Web-OPAC
ডঃ সূৰ্য্য
কুমাৰ ভূঞা পুথিভঁৰাল ৱেব-অ'পেক

All Research Scholars are advised to clear the annual library fees to continue using Library Resources, Remote Access, Plagiarism Test and Library Clearance.

Cotton University Book Fair 2026

Labyrinths of reason : (Record no. 62172)

MARC details
000 -LEADER
fixed length control field 00526nam a2200181Ia 4500
001 - CONTROL NUMBER
control field 61056
008 - FIXED-LENGTH DATA ELEMENTS--GENERAL INFORMATION
fixed length control field 080101n ii |||gr||||Z||||||465
020 ## - INTERNATIONAL STANDARD BOOK NUMBER
International Standard Book Number 0-14-013136-1
082 ## - DEWEY DECIMAL CLASSIFICATION NUMBER
Classification number 501
100 ## - MAIN ENTRY--PERSONAL NAME
Personal name Pondstone, William,
Relator term Author.,
245 #0 - TITLE STATEMENT
Title Labyrinths of reason :
Remainder of title Paradox, Puzzles and the frailty of knowledge /
Statement of responsibility, etc. by William Pondstone .
Medium Textual Documents
260 ## - PUBLICATION, DISTRIBUTION, ETC.
Place of publication, distribution, etc. USA
Name of publisher, distributor, etc. Penguin Books Ltd
300 ## - PHYSICAL DESCRIPTION
Extent 274p:
Dimensions 21cm.
653 ## - INDEX TERM--UNCONTROLLED
Uncontrolled term Philosophy
653 ## - INDEX TERM--UNCONTROLLED
Uncontrolled term Labyrinths
653 ## - INDEX TERM--UNCONTROLLED
Uncontrolled term G-Philosophy
942 ## - ADDED ENTRY ELEMENTS (KOHA)
Source of classification or shelving scheme Dewey Decimal Classification
Koha item type Books
Holdings
Withdrawn status Lost status Damaged status Not for loan Collection Home library Current library Shelving location Date acquired Total checkouts Full call number Barcode Date last seen Copy number Price effective from Koha item type
          Dr. Suryya Kumar Bhuyan Library Dr. Suryya Kumar Bhuyan Library   01/01/2008   501 Po 773 La 3282/Gift 14/01/2024 1 01/01/2008 Books

Designed and Maintained by Team SKBL
©1901-2026

Powered by Koha